1987 1892 1886 1684 1775 1492 1463 1640 1878 1253 1811 1433 1228 1571 1658 1108 1592 1155 1926 1980 1824 1764 1601 1248 1727 1258 1019 1971 1061 1377 1160 1363 1485 1230 1359 1111 1682 1469 1279 1763 1219 1543 1711 1486 1055 1491 1348 1968 1374 1244 1408 1916 1231 1373 1101 1515 1156 1559 1572 1639 1907 1843 1985 1087 1008 1092 1687 1507 1392 1427 1016 1814 1000 1039 1416 1200 1809 1578 1854 1152 1996 1278 1253 1600 1666 1137 1971 1855 1323 1544 1572 1062 1786 1174 1305 1501 1573 1984 1565 BCNSPRNW ULIB Ver.6.0+V

เปลี่ยนเป็นภาษาไทย

Change to English
 แสดงรายละเอียดบรรณานุกรม
  กลับหน้าหลัก

Brief Record : Get Marc (ISO 2709) : E-mail record : QR code < ปิดหน้าต่าง
LEADER : 00000nam 2200000uu 4500
001    13399125619
003     ULIB
008    170711s2559||||th 000 0 tha d
020    ^a9786161810498
060  0 ^aQV766^bส834ป
100 0  ^aสุภนันท์ มงคลการ
245 00 ^aประโยชน์มหัศจรรย์: น้ำผึ้ง /^cสุภนันท์ มงคลการ
260    ^aกรุงเทพฯ :^bอมรินทร์เฮลท์ อมรินทร์พริ้นติ้งแอนด์พับลิชชิ่ง,^c2559
300    ^a62 หน้า ;^c19 ซม.
650  0 ^aน้ำผึ้ง^xสมุนไพร^yความงาม^zการรักษาโรค
945    ^p0^l0^i002573
945    ^p0^l0^i002574
999    ^aประนอม เกษจรัล
รายการนี้ยังไม่มีแท็ก
คุณยังไม่ได้ล็อกอิน คุณสามารถมีกิจกรรมร่วมกับเว็บไซต์ได้ แต่ต้องล็อกอินก่อน ::
  ล็อกอิน

รายการสื่อสารสนเทศ

ลำดับที่ ประเภท เลขเรียก/บาร์โค้ด สถานที่ สถานะ
1. วิทยาศาสตร์การแพทย์ และสุขภาพ
วิทยาศาสตร์การแพทย์ และสุขภาพ
สถานะ=หนังสือเก่า
QV766 ส834ป ฉ.1 
  Barcode: 002573
ห้องสมุดวิทยาเขตสวรรค์ประชารักษ์
►ส่วนจัดเก็บหนังสือเก่า สปร
บนชั้น
  ขอยืม
2. วิทยาศาสตร์การแพทย์ และสุขภาพ
วิทยาศาสตร์การแพทย์ และสุขภาพ
สถานะ=หนังสือเก่า
QV766 ส834ป ฉ.2 
  Barcode: 002574
ห้องสมุดวิทยาเขตสวรรค์ประชารักษ์
►ส่วนจัดเก็บหนังสือเก่า สปร
บนชั้น
  ขอยืม

รายการใกล้เคียง
    ผู้แต่ง [สุภนันท์ มงคลการ]

BibComment


ยังไม่เคยถูกคอมเมนท์

คอมเมนท์ทรัพยากรรายการนี้
  คอมเมนท์: ประโยชน์มหัศจรรย..


 Copyright 2026. Bcnsprnw @Library